书目信息 |
| 题名: |
语言大典
|
|
| 作者: | 王同亿 主编 | |
| 分册: | 下册 N-Z | |
| 出版信息: | 海口 三环出版社 1990.12 |
|
| 页数: | 2452-4662,127页 | |
| 开本: | 26cm | |
| 丛书名: | ||
| 单 册: | ||
| 中图分类: | H164 | |
| 科图分类: | ||
| 主题词: | 汉语--词典 | |
| 电子资源: | ||
| ISBN: | 7-80564-076-9 | |
| 000 | 00572nam0 2200205 45 | |
| 001 | 0412290915 | |
| 005 | 20041229094919.9 | |
| 010 | @a7-80564-076-9@b精装@dCNY190.00 | |
| 100 | @a20041229d1990 km y0chiy0120 ea | |
| 101 | 0 | @achi |
| 105 | @a z 000yy | |
| 200 | 1 | @a语言大典@AYu Yan Da Dian@h下册@iN-Z@f王同亿主编@FWang Tong Yi Zhu Bian |
| 210 | @a海口@c三环出版社@d1990.12 | |
| 215 | @a2452-4662,127页@d26cm | |
| 517 | @aN-Z | |
| 606 | 0 | @a汉语@x词典 |
| 690 | @aH164@v3 | |
| 701 | 0 | @a王同亿@4主编 |
| 801 | @aCN@bPftUser@c20041229 | |
| 905 | @dH164@e101:2@f1@b245808 | |
| 语言大典.下册.N-Z/王同亿主编.-海口:三环出版社,1990.12 |
| 2452-4662,127页;26cm |
| ISBN 7-80564-076-9(精装):CNY190.00 |
| ● |
| 相关链接 |
|
|
|
|
正题名:语言大典
索取号:H164/101:2
 
预约/预借
| 序号 | 登录号 | 条形码 | 馆藏地/架位号 | 状态 | 备注 |
| 1 | 0244923 | 202073727 | 第二样本阅览室/ [索取号:H164/101:2] | 在馆 | |
| 2 | 0245808 | 000802359 | 工具书阅览室/ [索取号:H164/101:2] | 在馆 |